| 000 | 00616nam a22002052 4500 | ||
|---|---|---|---|
| 001 | 0000007289 | ||
| 005 | 20151217155833.0 | ||
| 008 | 071218s xx 000 0 eng d | ||
| 020 |
_a9966250956 : _cKES 240 |
||
| 040 |
_aKABU _cKABU |
||
| 100 | 1 |
_aWandibba, Simiyu. _@0000158501 |
|
| 245 | 1 | 0 |
_aJ. M. Kariuki / _cSimiyu Wandibba. |
| 260 |
_aNairobi : _bE. A. E. P., _c2004. |
||
| 300 | _avii, 66 p. | ||
| 650 | 0 |
_aKariuki, Josiah Mwangi. _@0000158514 |
|
| 650 | 0 |
_aPoliticians _vBiography _zKenya. _@0000158503 |
|
| 908 | _a071218 | ||
| 950 | _@1 | ||
| 999 |
_c13070 _d13070 |
||